ბათუმის შოთა რუსთაველის სახელმწიფო უნივერსიტეტის ბიბლიოთეკა

Принцип ставок =Thinking in Bets: (ბიბ.ჩანაწერი № 62524)

000 -LEADER
fixed length control field 01155nam a22002057a 4500
005 - DATE AND TIME OF LATEST TRANSACTION
control field 20241128143932.0
008 - FIXED-LENGTH DATA ELEMENTS--GENERAL INFORMATION
fixed length control field 241128s2019 ru ||||| |||| 00| 0 rus d
020 ## - INTERNATIONAL STANDARD BOOK NUMBER
International Standard Book Number 9785001460473X
041 ## - LANGUAGE CODE
Language code of text/sound track or separate title ruc
080 ## - UNIVERSAL DECIMAL CLASSIFICATION NUMBER
Universal Decimal Classification number 159.955 Д-92
100 ## - MAIN ENTRY--PERSONAL NAME
Personal name Дьюк, Энни
Relator term Автор
9 (RLIN) 23816
245 ## - TITLE STATEMENT
Title Принцип ставок =Thinking in Bets:
Remainder of title Как принимать решения в условиях неопределенности /
Statement of responsibility, etc. Энни Дьюк, пер. с анг. Екатерина Гаевская
264 ## - PRODUCTION, PUBLICATION, DISTRIBUTION, MANUFACTURE, AND COPYRIGHT NOTICE
Place of production, publication, distribution, manufacture Москва:
Name of producer, publisher, distributor, manufacturer Манн, Иванов и Фербер,
Date of production, publication, distribution, manufacture, or copyright notice 2019.
300 ## - PHYSICAL DESCRIPTION
Extent 224 стр:,
Other physical details 22 см.
653 ## - INDEX TERM--UNCONTROLLED
keyword Принцип ставок. Как принимать решения в условиях неопределенности
653 ## - INDEX TERM--UNCONTROLLED
keyword ფსონების პრინციპი. როგორ მივიღოთ გადაწყვეტილებები გაურკვევლობის პირობებში
653 ## - INDEX TERM--UNCONTROLLED
keyword ფსიქოლოგია
700 ## - ADDED ENTRY--PERSONAL NAME
Personal name Гаевская, Екатерина
Relator term მთარგმნელი
9 (RLIN) 23817
942 ## - ADDED ENTRY ELEMENTS (KOHA)
Source of classification or shelving scheme
Koha item type წიგნი
ეგზემპლარები
Withdrawn status Lost status Source of classification or shelving scheme Damaged status Not for loan Permanent Location Current Location Shelving location Date acquired Cost, normal purchase price Full call number Barcode Date last seen Copy number Price effective from Koha item type Public note
          ბათუმის შოთა რუსთაველის სახელმწიფო უნივერსიტეტის მთავარი ბიბლიოთეკა ბათუმის შოთა რუსთაველის სახელმწიფო უნივერსიტეტის მთავარი ბიბლიოთეკა წიგნსაცავი 2024-11-28 80.00 159.955 Д-92 69883 2024-11-28 69883 2024-11-28 წიგნი 80.00